Making Art in the Ice Age

Saved in:

Main Authors: Bahn, Paul (Author), Clifford, Elle (Author)

Other Authors: Gormley, Antony (Foreword by)

Format: Book

Published: Oxford Archaeopress Publishing Ltd 2025

Tags: Add Tag

No Tags, Be the first to tag this record!

Call Number:

LEADER 00712namaa2200193 4500
001 9781805830887
003 UkOxAP
005 20260405155019.0
020 |a 9781805830894 
776 1 |x 9781805830887 
245 0 0 |a Making Art in the Ice Age 
100 1 |a Bahn, Paul  |e Author  |l English 
700 1 |a Clifford, Elle  |e Author  |l English 
700 1 |a Gormley, Antony  |e Foreword by  |l English 
856 4 2 |a http://library.arce.org:8087/Archaeopress/Products/9781805830894 
260 |a Oxford  |b Archaeopress Publishing Ltd  |c 2025 
270 |a Archaeopress Publishing Ltd, Summertown Pavillion, 18 -24 Middle Way, Summertown  |b Oxford  |d United Kingdom  |e OX2 7LG  |k 44-1865-311914  |m info@archaeopress.com 
942 |2 lcc  |c EBOOK 
999 |c 62144  |d 62144